00347nam a2200157Ia 4500003000900000008004100009040001300050040001300063100002400076245001800100250001100118260002300129300000800152490000600160700002300166IT-RoPAU120407s9999 xx 000 0 und d aIT-RoPAU cIT-RoPAU aRené De La Broise aVida de Maria aMadrid aEdiciones Paulinas c cm v1 aValentino A. Gambi